| 000 | 00883nam a22002777a 4500 | ||
|---|---|---|---|
| 001 | BR7604575 | ||
| 003 | BR-BrBNA | ||
| 005 | 20230928085121.0 | ||
| 007 | ta | ||
| 008 | 230509b bl.||||| |||| 00| 0 por d | ||
| 040 |
_aBR-BrBNA _bpor _cBiblioteca Nacional de Agricultura |
||
| 041 | _a(Por) | ||
| 072 |
_aP20 _b/G514 |
||
| 090 | _ P20 BR7604575 | ||
| 100 | 1 | _aMazuchowski, J.Z. | |
| 110 | 1 | _aEmpresa Paranaense de Assistencia Tecnica e Extensao Rural, Curitiba, PR (Brasil); | |
| 110 | 1 | _aAssociacao de Credito e Assistencia Rural do Parana, Curitiba (Brasil) | |
| 245 | 1 | _aCanal escoadouro no sistema de terraceamento [erosao, controle, Brasil] | |
| 260 | 3 |
_aCuritiba, PR (Brasil): _c[nd]. |
|
| 300 | _a8 p. | ||
| 500 | _a4 illus.; Published after 1975 | ||
| 650 | _aEROSAO | ||
| 650 | _aCANAL DE ESCOAMENTO | ||
| 909 |
_a202309 _bLucia _c55 _dLucia Elande |
||
| 942 | _cBK | ||
| 999 |
_c22875 _d22875 |
||